000 00470pab a2200169 454500
008 180718b1997 xxu||||| |||| 00| 0 eng d
245 _aSYMPOSIUM on current issues in long term care
260 _c1997
300 _ap.249-556
362 _aFeb
650 _aHandicapped - United States
650 _aDisabled - United States
650 _aOld age - United States
650 _aOld age
773 _aInternational Journal of Public Administration
909 _a34137
999 _c34137
_d34137